Central Library OPAC University of Rajshahi

Solvent extraction reviews / (Record no. 74742)

MARC details
000 -LEADER
fixed length control field 00799nam a2200277 a 4500
001 - CONTROL NUMBER
control field 74742
003 - CONTROL NUMBER IDENTIFIER
rucl marc code BD-RjUL
005 - DATE AND TIME OF LATEST TRANSACTION
control field 20211209082608.0
008 - FIXED-LENGTH DATA ELEMENTS--GENERAL INFORMATION
fixed length control field 181128s1971 nyufx p 0 a0eng
020 ## - INTERNATIONAL STANDARD BOOK NUMBER
International Standard Book Number 02824714385
035 ## - SYSTEM CONTROL NUMBER
System control number (OCoLC)ocm01765986
System control number (BD-RjUL)74960
040 ## - CATALOGING SOURCE
Original cataloging agency DLC
Language of cataloging eng
Transcribing agency MUL
Modifying agency NSD
-- COO
-- DLC
-- NSD
-- OCL
-- RCS
-- MUL
-- NST
-- NLM
-- BD-RjUL
041 ## - LANGUAGE CODE
Language code of text/sound track or separate title eng
060 00 - NATIONAL LIBRARY OF MEDICINE CALL NUMBER
Classification number W1
Item number SO887G
082 04 - DEWEY DECIMAL CLASSIFICATION NUMBER
Edition number 23
Classification number 660.28424
Author mark and year SOL 1971
245 00 - TITLE STATEMENT
Title Solvent extraction reviews /
Statement of responsibility, etc. edited by Yizhak Marcus.
260 ## - PUBLICATION, DISTRIBUTION, ETC. (IMPRINT)
Place of publication, distribution, etc. New York :
Name of publisher, distributor, etc. M. Dekker,
Date of publication, distribution, etc. 1971
300 ## - PHYSICAL DESCRIPTION
Pagination IX, 256 p. ;
Size 23 cm
650 #0 - SUBJECT ADDED ENTRY--TOPICAL TERM
Topical term or geographic name as entry element Extraction (Chemistry)
9 (RLIN) 225344
Topical term or geographic name as entry element Solvents.
9 (RLIN) 225345
700 ## - ADDED ENTRY--PERSONAL NAME
Personal name Marcus, Yizhak .
942 ## - ADDED ENTRY ELEMENTS (KOHA)
Source of classification or shelving scheme Dewey Decimal Classification
Koha item type Books
Holdings
Lost status Source of classification or shelving scheme Damaged status Not for loan Collection code Permanent Location Current Location Shelving location Date acquired Source of acquisition Cost, normal purchase price Total Checkouts Full call number Date last seen Copy number Koha item type
  Dewey Decimal Classification   Not For Loan Non-fiction Central Library, University of Rajshahi Central Library, University of Rajshahi Reading Room 27/05/1985 Tulip 72.75   660.28424 SOL 1971 28/11/2018 C-1 Books